Hakiat e Saadi (Record no. 325436)

000 -LEADER
fixed length control field 00418 a2200133 4500
001 - CONTROL NUMBER
control field 90363
003 - CONTROL NUMBER IDENTIFIER
control field NUST
082 ## - DEWEY DECIMAL CLASSIFICATION NUMBER
Classification number 891.551 TAS
100 ## - MAIN ENTRY--PERSONAL NAME
Personal name Tasadduq Hussain Dr ; Sheikh Saadi Sherazi (RA)
9 (RLIN) 9838
245 ## - TITLE STATEMENT
Title Hakiat e Saadi
Medium Urdu
Statement of responsibility, etc. Sheikh Saadi Sherazi
Remainder of title Saada Aasaan Aur Dilchusp Asloob
260 ## - PUBLICATION, DISTRIBUTION, ETC.
Place of publication, distribution, etc. Rawalpindi
Name of publisher, distributor, etc. Romail House Publications
Date of publication, distribution, etc. 2014
300 ## - PHYSICAL DESCRIPTION
Extent 112p
500 ## - GENERAL NOTE
General note General Collection
942 ## - ADDED ENTRY ELEMENTS (KOHA)
Institution code [OBSOLETE] CAE NUST
Koha item type Book
Call number prefix 891.551 TAS
Source of classification or shelving scheme
Holdings
Withdrawn status Lost status Damaged status Not for loan Collection code Permanent Location Current Location Date acquired Total Checkouts Full call number Barcode Date last seen Price effective from Koha item type
          College of Aeronautical Engineering (CAE) College of Aeronautical Engineering (CAE) 04/03/2017   891.551 TAS CAE86161 04/05/2017 04/05/2017 Book
© 2023 Central Library, National University of Sciences and Technology. All Rights Reserved.